000 00336nam a2200145Ia 4500
008 230917s9999||||xx |||||||||||||| ||und||
040 _e215633
_aMAIN
041 _aEnglish
082 _a589.3 S23A
100 _aSharma, O P
245 0 _aAlgae
260 _aNew Delhi
_bTata McGraw-Hill
_c2013
300 _axv, 389 p.
942 _cBK
999 _c179694
_d179694